| 000 | 00628nam a2200181 a 4500 | ||
|---|---|---|---|
| 005 | 20240925063731.0 | ||
| 008 | 991125s1981 mx 000 0 spa u | ||
| 035 | _aUPN01000000009 | ||
| 049 | _aCG | ||
| 050 | 4 |
_aQA11 A2 _bF6.6 |
|
| 111 | 2 |
_aForo sobre la Enseñanza de las Matemáticas en el Bachillerato _n(1o : _d1981 : _cMéxico) |
|
| 245 | 1 | 0 | _a1er. Foro sobre la enseñanza de las matemáticas en el bachillerato. |
| 260 |
_aMéxico : _bColegio de Bachilleres, _c1981. |
||
| 300 | _a1 v. (en varias paginaciones) | ||
| 500 | _aDatos tomados de la cubierta | ||
| 650 | 4 |
_aMatemáticas _xEstudio y enseñanza _93601 |
|
| 905 | _aLibro | ||
| 999 |
_c9 _d9 |
||